Mending of fishing nets
Furkejuvvon:
| Váldodahkkit: | , |
|---|---|
| Materiálatiipa: | Girji |
| Giella: | eaŋgalasgiella |
| Almmustuhtton: |
Surrey
FAO
1973
|
| Preanttus: | 1a. ed |
| Ráidu: | FAO Fishing Manuals
|
| Fáttát: | |
| Fáddágilkorat: |
Lasit fáddágilkoriid
Eai fáddágilkorat, Lasit vuosttaš fáddágilkora!
|
MARC
| LEADER | 00000nam a2200000 a 4500 | ||
|---|---|---|---|
| 001 | UCI9679 | ||
| 003 | CL-VaPUC | ||
| 008 | 081128e19730000uk |||||||||||||||||eng|d | ||
| 020 | |a 0852380623 | ||
| 082 | 0 | 4 | |a 639.1 |b LIB |2 21 |
| 100 | 0 | |a Libert, L |e author |9 533546 | |
| 700 | 0 | |a Maucorps, A |e author |9 533547 | |
| 245 | 1 | 0 | |a Mending of fishing nets |
| 250 | |a 1a. ed | ||
| 300 | |a 100 p | ||
| 942 | |c BK | ||
| 945 | |d 20081128 00:00:00 |a jtorresc | ||
| 260 | |a Surrey |b FAO |c 1973 | ||
| 650 | 7 | |a REDES DE PESCA |2 CL-VaPUC |9 502807 | |
| 650 | 7 | |a REPARACION |2 CL-VaPUC |9 533548 | |
| 650 | 7 | |a PESCA CON RED |2 CL-VaPUC |9 533549 | |
| 650 | 7 | |a PESCA CON TRAMPA |2 CL-VaPUC |9 533550 | |
| 583 | |a last modification |c 20150507 04:52:03 |k Rodrigo Vera | ||
| 490 | 0 | |a FAO Fishing Manuals | |
| 999 | |c 332162 |d 332160 | ||
| 952 | |0 0 |1 0 |4 0 |6 639_100000000000000_LIB_1973 |7 0 |8 CCM |9 419593 |a BIBCUR |b BIBCUR |d 2019-11-22 |i 449993K |o 639.1 LIB 1973 |p 449993K |r 2025-04-22 |w 2019-11-22 |y BK_X |k CIM | ||